Normal view
MARC view
Entry Personal Name
001 - CONTROL NUMBER
- control field: 54980
003 - CONTROL NUMBER IDENTIFIER
- control field: OSt
005 - DATE AND TIME OF LATEST TRANSACTION
- control field: 20220818112839.0
008 - FIXED-LENGTH DATA ELEMENTS
- fixed length control field: 220818|| aca||aabn | a|a d
040 ## - CATALOGING SOURCE
- Original cataloging agency: OSt
- Transcribing agency: OSt
100 ## - HEADING--PERSONAL NAME
- Personal name: SHARMA (Vishwanath)
670 ## - SOURCE DATA FOUND
- Source citation: Work cat.: (OSt): Vishwanath Sharma 54978, Desh ke nirmata: Jivani evanisamsmaran:, 2004